| 000 | 00572nam a22001817a 4500 | ||
|---|---|---|---|
| 003 | UA-OsUOA | ||
| 001 | 13365 | ||
| 007 | ta | ||
| 008 | 20030516b un ||||| |||| 00| 0 ukr d | ||
| 100 | _aКудрявцев В. | ||
| 942 | _cSA | ||
| 040 |
_aUA-OsUOA _cUA-OsUOA _dUA-OsUOA |
||
| 245 | _aПам'ятник Миколі Кузнецову перенесуть на Дубенський меморіал | ||
| 300 | _aС.7 | ||
| 955 | _a0 | ||
| 773 | 0 |
_w0 _tРівненський діалог _dРівне _d2003 _g№17 |
|
| 650 | 7 |
_aКраєзнавча робота _2UDC |
|
| 999 |
_c299526 _d299526 |
||